Cenové stratégie

Spotrebiteľ kladie stále väčší dôraz na rôzne zložky marketingového mixu, avšak cena ostáva jedným z hlavných faktorov ovplyvňujúcich jeho nákupné správanie. Pohľad na alternatívne prístupy k tvorbe cenovej stratégie podniku.

Salvato in:
Dettagli Bibliografici
Autore principale: Barlašová, Terézia
Natura: Capitolo di libro
Lingua:slovacco
Soggetti:
Tags: Aggiungi Tag
Nessun Tag, puoi essere il primo ad aggiungerne!!

MARC

LEADER 00000naa a2200000 4500
001 0248414
005 20240502073956.2
041 0 |a slo 
044 |a SK 
245 1 0 |a Cenové stratégie  |c Terézia Barlašová 
520 |a Spotrebiteľ kladie stále väčší dôraz na rôzne zložky marketingového mixu, avšak cena ostáva jedným z hlavných faktorov ovplyvňujúcich jeho nákupné správanie. Pohľad na alternatívne prístupy k tvorbe cenovej stratégie podniku. 
610 2 0 |a stratégia cenová 
610 2 0 |a podnik 
610 2 0 |a trh 
610 2 0 |a konkurencia 
610 2 0 |a tvorba cien 
100 1 |a Barlašová, Terézia